Ulice Odrzykonia na których znajdują się te budynki - Statystyki

Ogólne statystyki
  • Ten quiz został rozwiązany 16 razy
  • Średni wynik to 14 z 17
Statystyki odpowiedzi
Budynek Ulica % Poprawnych
Restauracja Na Rozdrożu Jana Pawła II
100%
Szkoła podstawowa Księdza Ernesta Świątka
100%
Zamek Kamieniec Podzamcze
100%
Stadion GKS Zamczysko Sportowa
100%
Dom na Piekle Armii Krajowej
88%
Kros-Fol Opakowania Foliowe Młynek
88%
Cmentarz Prebendarska
88%
Dom Kultury Władysława Jagiełły
88%
Muzeum Wsi Jana Pawła II
75%
Kościół Jana Pawła II
75%
Delikatesy Premium Jana Pawła II
75%
Delikatesy Groszek Jana Pawła II
75%
Sklep ABC Krośnieńska
75%
Restauracja Mocium Panie Podzamcze
75%
OSP Odrzykoń Władysława Jagiełły
75%
Dom Ludowy w Głębokim Hetmana Mikołaja Kamienieckiego
63%
Delikatesy Centrum Kazimierza Wielkiego
38%
Nie znaleziono quizów pasujących do podanych kryteriów
Rozkład punktacji
Procent ludzi z każdym wynikiem
Percentyl według liczby udzielonych odpowiedzi
Twoja historia wyników
Nie rozwiązałeś tego quizu